000 01109nam a2200313 i 4500
003 DO-SdBNP
005 20250305134905.0
007 ta
008 250305s2010 dr 000 0 spa d
020 _a9789945871517
040 _aDO-SdBNP
_bspa
_cBNPHU
_erda
082 4 _a342.729302
_bR426c, 2010
_222
110 1 _aRepública Dominicana.
_9447
_bTribunal Constitucional
240 1 0 _aConstitución (2010)
245 1 0 _aConstitución de la República Dominicana :
_bproclamada el 26 de enero de 2010 publicada en la gaceta oficial No. 10561 /
250 _aSegunda edición
264 1 _aSanto Domingo :
_bgaceta Judicial,
_bEditora Judicial,
_c2010.
300 _a141 páginas ;
_c23 cm.
336 _atexto
_btxt
_2rdacontent
337 _asin mediación
_bn
_2rdamedia
338 _avolumen
_bnc
_2rdacarrier
490 1 _aLegislativa
500 _aIncluye índice alfabético.
590 _aInventariado, 2025/ YL
651 4 _aRepública Dominicana
_xConstitución (2010{Rpara}
_935654
651 4 _aRepública Dominicana
_zDerecho Constitucional
_9449
910 _aYLockward
942 _2ddc
_cLBS1
999 _c58333
_d58333